Boolean algebras /
Guardado en:
| Autor Principal: | |
|---|---|
| Formato: | Libro |
| Idioma: | English |
| Publicado: |
Berlin :
Springer-Verlag,
1960.
|
| Series: | Ergebnisse der Mathematik und ihrer Grenzgebiete, n.F. Reelle Funktionen ;
Heft 25 |
| Etiquetas: |
Agregar Etiqueta
Sin Etiquetas, Sea el primero en etiquetar este registro!
|
| LEADER | 00580nam a22001695a 4500 | ||
|---|---|---|---|
| 001 | MAT.inmabb000867 | ||
| 008 | 031119s1960####gw############001#0#eng#d | ||
| 005 | 20130308115250.0 | ||
| 245 | 1 | 0 | |a Boolean algebras / |c by Roman Sikorski. |
| 260 | |a Berlin : |b Springer-Verlag, |c 1960. | ||
| 300 | |a ix, 176 p. ; |c cm. | ||
| 440 | 0 | |a Ergebnisse der Mathematik und ihrer Grenzgebiete, n.F. |p Reelle Funktionen ; |v Heft 25 | |
| 510 | 4 | |a MR, |c 23 #A3689 | |
| 100 | 1 | |a Sikorski, Roman. | |
| 084 | |a 06Exx |2 msc2000 | ||
| 859 | |h 06 |i Si579 |p A-691 |b BIB. MATEMATICA | ||
| 859 | |h 06 |i Si579 |p A-2113 |t Ej. 2 |b BIB. MATEMATICA | ||
